|
|
|
|
| LEADER |
01013nam a2200265 a 4500 |
| 001 |
17076920 |
| 008 |
130316s2012 enka b 001 0 eng d |
| 010 |
|
|
|a 2011050137
|
| 020 |
|
|
|a 9780273750758
|
| 040 |
|
|
|a DLC
|c DLC
|d DLC
|d BD-DhAAL
|
| 082 |
0 |
0 |
|a 650.072
|2 23
|
| 100 |
1 |
|
|a Saunders, Mark,
|d 1959-
|
| 245 |
1 |
0 |
|a Research methods for business students /
|c Mark Saunders, Philip Lewis, Adrian Thornhill.
|
| 250 |
|
|
|a 6th ed.
|
| 260 |
|
|
|a Harlow, England ;
|a New York :
|b Pearson,
|c 2012.
|
| 300 |
|
|
|a xxxi, 696 p. :
|b col. ill. ;
|c 27 cm.
|
| 504 |
|
|
|a Includes bibliographical references and index.
|
| 541 |
|
|
|a 00026693
|
| 650 |
|
0 |
|a Business
|x Research.
|
| 650 |
|
0 |
|a Business
|x Research
|x Data processing.
|
| 700 |
1 |
|
|a Lewis, Philip,
|d 1945-
|
| 700 |
1 |
|
|a Thornhill, Adrian.
|
| 852 |
1 |
|
|a Ayesha Abed Library
|j General Shelf.
|
| 999 |
|
|
|c 13242
|d 13242
|
| 952 |
|
|
|0 0
|1 0
|2 ddc
|4 0
|6 650_072000000000000_SAU
|7 0
|9 22043
|a BRACUL
|b BRACUL
|c GEN
|d 2013-03-16
|l 8
|m 43
|o 650.072 SAU
|p 3010026693
|r 2025-10-13
|s 2025-06-25
|t 1
|w 2013-03-16
|y BK
|